| 000 | 00598nam a2200217 a 4500 | ||
|---|---|---|---|
| 999 |
_c3028 _d3028 |
||
| 001 | 3028 | ||
| 003 | BD-JhCC | ||
| 005 | 20171109133727.0 | ||
| 008 | 171109s1961 bg |||| ||a| 00| 0 ben d | ||
| 035 | _a(BD-JhCC)3028 | ||
| 040 |
_aBD-JhCC _dBD-JhCC |
||
| 041 | _aben | ||
| 082 |
_a891.443 _bHOS 1961 |
||
| 100 | _aহোসেন, সাহানা | ||
| 245 |
_aআকাশ বাসর / _cসাহানা হোসেন |
||
| 260 |
_aচট্টগ্রাম : _bবইঘর, _c1961. |
||
| 300 |
_a261 p. : _c18 cm. |
||
| 650 | _aBengali Novel | ||
| 942 |
_2ddc _cBK |
||